000 00774nam a2200229Ia 4500
003 GCL
005 20240530105314.0
008 140319s9999 xx 000 0 ara d
040 _aGCL /
_cGCL
082 0 4 _a327.12
_bس ا
100 1 _aسعيد الجزائرى
245 1 0 _aاوراق سرية حول مخططات واعمال المخابرات العالمية فى الشرق الاوسط /
_cسعيد الجزائرى
260 _a1990
_bدار الجيل
_cبيروت
300 _a560 ص
650 0 4 _aالنزاع العربى الاسرائيلى
650 0 4 _aالارهاب
650 0 4 _aالولايات المتحدة الامريكية
650 0 4 _aالمخابرات
650 0 4 _aاسرائيل
650 0 4 _aالوثائق
942 _2ddc
_cBK
999 _c54772
_d54772